000 00431nam a2200145Ia 4500
008 100122s9999 xx 000 0 und d
082 _b4378
_a301.3
100 _aवाडेगावकर वि ना
245 _aआदर्श खेडे
260 _bउद्यम प्रकाशन
_c1924
300 _a50
630 _aआदर्श खेडे
730 _aआदर्श खेडे
942 _cBOOK
999 _c398014
_d398011